Click the Country - Western Europe - Statistics

General Stats
  • This quiz has been taken 712 times
  • The average score is 17 of 24
Answer Stats
Hint Answer % Correct
Its capital was divided by a wall until 1989 Germany
89%
Has more than 2 popes per square kilometer Vatican City
86%
Cristiano Ronaldo is from this country Portugal
85%
Was the birthplace of Mozart Austria
84%
Hosted the first modern Olympics Greece
83%
Experienced a potato famine in the 1800s Ireland
82%
Has the most fjords of any country Norway
81%
Once controlled almost a quarter of the world's land area United Kingdom
80%
Antwerp is among the country's largest cities Belgium
77%
Was the home country of Hans Christian Andersen Denmark
75%
Controls the island of Corsica France
74%
Completely surrounds 2 other countries Italy
74%
Vaduz is its capital Liechtenstein
74%
Was formerly led by Francisco Franco Spain
74%
Is known as Suomi in its native language Finland
73%
Is home to the largest port in Europe Netherlands
69%
Is divided into 26 cantons Switzerland
69%
Has the world's highest population density Monaco
68%
Its largest island is Gotland Sweden
62%
Claims to be the world's oldest republic San Marino
54%
Has the highest average elevation in Europe Andorra
53%
Received the George Cross for its WWII efforts Malta
48%
Its capital is home to the EU's Court of Justice Luxembourg
46%
Has the world's oldest parliament Iceland
42%
No matching quizzes found
Score Distribution
Percent of People with Each Score
Percentile by Number Answered
Your Score History
You have not taken this quiz